Школьное строительство в СССР в области обеспечения ее горной промышленности горнотехническим персоналом средней квалификации; Труды первого Всесоюзного горного научно-технического съезда, Москва 14-27 апреля 1926 г.; Т. 10: Доклады, заслушанные в секции профтехнического образования и научно-исследовательского дела

Detaylı Bibliyografya
Parent link:Труды первого Всесоюзного горного научно-технического съезда, Москва 14-27 апреля 1926 г./ СССР, Высший совет народного хозяйства (ВСНХ), Научно-техническое управление, Комиссия по изданию трудов первого Всесоюзного горного научно-технического съезда и горной научно-технической литературы ; под ред. Е. Е. Гендлера.— , 1927-1928
Т. 10: Доклады, заслушанные в секции профтехнического образования и научно-исследовательского дела.— 1928.— С. 100-126
Yazar: Стрельников Д. А. Дмитрий Александрович
Dil:Rusça
Baskı/Yayın Bilgisi: 1928
Konular:
Materyal Türü: MixedMaterials Kitap Bölümü
KOHA link:https://koha.lib.tpu.ru/cgi-bin/koha/opac-detail.pl?biblionumber=177195

MARC

LEADER 00000naa2a2200000 4500
001 177195
005 20231031165606.0
035 |a (RuTPU)RU\TPU\book\192102 
035 |a RU\TPU\tpu\6393 
090 |a 177195 
100 |a 20100312d1926 k y0rusy50 ca 
101 0 |a rus 
102 |a RU 
200 1 |a Школьное строительство в СССР в области обеспечения ее горной промышленности горнотехническим персоналом средней квалификации  |f Д. А. Стрельников 
461 0 |0 (RuTPU)RU\TPU\book\190956  |t Труды первого Всесоюзного горного научно-технического съезда, Москва 14-27 апреля 1926 г.  |f СССР, Высший совет народного хозяйства (ВСНХ), Научно-техническое управление, Комиссия по изданию трудов первого Всесоюзного горного научно-технического съезда и горной научно-технической литературы ; под ред. Е. Е. Гендлера  |d 1927-1928 
463 0 |0 (RuTPU)RU\TPU\book\191977  |t Т. 10: Доклады, заслушанные в секции профтехнического образования и научно-исследовательского дела  |v С. 100-126  |d 1928  |p 179 с. 
610 1 |a горное дело 
610 1 |a труды учёных ТПУ 
700 1 |a Стрельников  |b Д. А.  |c российский горный инженер  |c профессор Томского политехнического института  |f 1881-1964  |g Дмитрий Александрович  |2 stltpush  |3 (RuTPU)RU\TPU\pers\1440 
801 0 |a RU  |b 63413507  |c 20011210  |g PSBO 
801 2 |a RU  |b 63413507  |c 20110926  |g PSBO 
942 |c BK